| 000 | 00357cam a2200145ua 4500 | ||
|---|---|---|---|
| 041 |
_aeng _h |
||
| 082 |
_a828.03 _bMEN/RU |
||
| 100 | _aMenon, K.P.S . | ||
| 245 |
_aRussian panorama / _cK.P.S Menon. _hTextual Documents |
||
| 260 |
_aCalcutta : _bOxford University Press , _c1962. |
||
| 300 | _a278 ; . | ||
| 504 | _a | ||
| 942 | _cBK | ||
| 999 |
_c7693 _d7693 |
||